[Event "BEL-chT 0001"]
[Site "Belgium"]
[Date "2001.02.04"]
[Round "8"]
[White "Laurent, Bruno"]
[Black "Yudin, Victor"]
[Result "1-0"]
[WhiteElo "2304"]
[BlackElo "2103"]
[PlyCount "151"]
[EventDate "2001.10.15"]
[EventType "team"]
[EventRounds "9"]
[EventCountry "BEL"]
[SourceTitle "EXT 2007"]
[Source "ChessBase"]
[SourceDate "2006.11.23"]
[SourceVersion "1"]
[SourceVersionDate "2006.11.23"]
[SourceQuality "1"]

1. e4 c5 2. Nf3 d6 3. c3 Nf6 4. Be2 Nbd7 5. d3 g6 6. 0-0 Bg7 7. Nbd2 e5 8. d4 0-0 9. Re1 Re8 10. dxc5 dxc5 11. Qc2 Qc7 12. Nf1 Nf8 13. Ne3 Qc6 14. Nd2 b6 15. Qb3 a6 16. Bc4 Be6 17. Bd5 Qc7 18. a4 Rab8 19. Nf3 b5 20. axb5 axb5 21. Ng5 Bxd5 22. Nxd5 Nxd5 23. exd5 c4 24. Qb4 Nd7 25. Be3 Bf8 26. Qa5 Qd6 27. Red1 Nf6 28. Qa7 Re7 29. Qa6 Rd7 30. Qxd6 Rxd6 31. f4 Rxd5 32. fxe5 Rxd1+ 33. Rxd1 Ng4 34. Bd4 Re8 35. Ne4 Bg7 36. Nf6+ Nxf6 37. exf6 Bf8 38. Ra1 Rb8 39. Ra7 Bd6 40. Rd7 Bf4 41. Ba7 Ra8 42. Bc5 Bc1 43. Ba3 h5 44. Rb7 Ra6 45. Rxb5 Rxf6 46. Bc5 Re6 47. Kf2 Bf4 48. h3 Kg7 49. Bd4+ Kf8 50. Kf3 Bc1 51. Rb8+ Ke7 52. Rb7+ Kf8 53. g4 hxg4+ 54. hxg4 Ra6 55. Ke4 Ra2 56. Bc5+ Kg7 57. Ba3 Ra1 58. Kd5 Bd2 59. Kxc4 Rg1 60. Kd3 Bf4 61. c4 Rxg4 62. c5 Rh4 63. c6 Rh8 64. b4 Rb8 65. b5 Kf6 66. Ke4 g5 67. Kd5 g4 68. b6 g3 69. Be7+ Kg6 70. Bc5 g2 71. Rd7 Bh2 72. c7 Rh8 73. Rd6+ f6 74. Ke6 g1Q 75. Bxg1 Bxg1 76. b7 1-0

[Event "BEL-ch op"]
[Site "Ghent"]
[Date "2000.??.??"]
[Round "5"]
[White "Yudin, Victor"]
[Black "Decoster, Frederic"]
[Result "1/2-1/2"]
[WhiteElo "2110"]
[BlackElo "2005"]
[PlyCount "124"]
[EventDate "2000.07.??"]
[EventType "swiss"]
[EventRounds "9"]
[EventCountry "BEL"]
[SourceTitle "EXT 2002"]
[Source "ChessBase"]
[SourceDate "2001.11.25"]
[SourceVersion "1"]
[SourceVersionDate "2001.11.25"]
[SourceQuality "1"]

1. e4 c5 2. Nf3 d6 3. d4 cxd4 4. Nxd4 Nf6 5. Nc3 g6 6. Be3 Bg7 7. f3 0-0 8. Qd2 Nc6 9. 0-0-0 d5 10. Qe1 e5 11. Nxc6 bxc6 12. exd5 Nxd5 13. Bc4 Qc7 14. Bc5 Rd8 15. h4 h6 16. Ba3 Be6 17. Ne4 f5 18. Nc5 Bf7 19. g4 f4 20. Qe4 Ne3 21. Rxd8+ Rxd8 22. Ne6 Qd7 23. Nxd8 Bxc4 24. Nxc6 Bd5 25. Ne7+ Qxe7 26. Bxe7 Bxe4 27. fxe4 Nxg4 28. Bc5 Nf6 29. Re1 g5 30. hxg5 hxg5 31. Bxa7 g4 32. b4 g3 33. b5 f3 34. b6 f2 35. Kd1 fxe1Q+ 36. Kxe1 Bf8 37. b7 Bd6 38. b8Q+ Bxb8 39. Bxb8 Nxe4 40. Bxe5 Kf7 41. Kf1 Ke6 42. Bc7 Nc3 43. Bxg3 Nxa2 44. Be1 Kd5 45. Ke2 Kc4 46. Bd2 Nc3+ 47. Bxc3 Kxc3 48. Kd1 Kc4 49. Kd2 Kd4 50. c3+ Kc4 51. Kc2 Kc5 52. Kd2 Kc4 53. Kc2 Kc5 54. Kd3 Kd5 55. c4+ Kc5 56. Kc3 Kc6 57. Kb3 Kc5 58. Kc3 Kc6 59. Kd4 Kd6 60. c5+ Kc6 61. Kc4 Kc7 62. Kd5 Kd7 1/2-1/2

[Event "BEL-ch op"]
[Site "Ghent"]
[Date "2000.??.??"]
[Round "9"]
[White "Yudin, Victor"]
[Black "Gregoir, Christophe"]
[Result "1-0"]
[WhiteElo "2110"]
[BlackElo "2110"]
[PlyCount "103"]
[EventDate "2000.07.??"]
[EventType "swiss"]
[EventRounds "9"]
[EventCountry "BEL"]
[SourceTitle "EXT 2002"]
[Source "ChessBase"]
[SourceDate "2001.11.25"]
[SourceVersion "1"]
[SourceVersionDate "2001.11.25"]
[SourceQuality "1"]

1. e4 c5 2. Nf3 d6 3. d4 cxd4 4. Nxd4 Nf6 5. Nc3 a6 6. Be3 e5 7. Nb3 Be7 8. Be2 0-0 9. f3 Be6 10. Nd5 Bxd5 11. exd5 b5 12. Qd2 Nbd7 13. Na5 Re8 14. Nc6 Qc7 15. c4 bxc4 16. Bxc4 Nb8 17. Nxe7+ Qxe7 18. b4 e4 19. 0-0 exf3 20. Rxf3 Nbd7 21. Bb3 Ne5 22. Rh3 Neg4 23. Bd4 Rac8 24. Rf1 Qe4 25. Rg3 Kh8 26. Ba4 Re7 27. Bc6 Rd8 28. a4 Ne5 29. Bc3 Qh4 30. Rh3 Qg4 31. Qc2 Nh5 32. b5 Ng6 33. Rhf3 Nhf4 34. Re1 Nh4 35. Rxf4 Rxe1+ 36. Bxe1 Qxf4 37. Qf2 Qxf2+ 38. Bxf2 Ng6 39. b6 Ne5 40. b7 Rb8 41. Bb6 Kg8 42. Bc7 Nd7 43. Bxd6 f6 44. Bxd7 Rxb7 45. Be6+ Kh8 46. g4 g6 47. Ba3 Rb1+ 48. Kg2 Re1 49. Kf2 Ra1 50. Be7 Kg7 51. d6 Rxa4 52. d7 1-0

[Event "World op 22nd"]
[Site "Philadelphia"]
[Date "1994.??.??"]
[Round "?"]
[White "Yudin, Victor"]
[Black "Formanek, Edward W"]
[Result "0-1"]
[WhiteElo "2100"]
[BlackElo "2320"]
[PlyCount "64"]
[EventDate "1994.06.??"]
[EventType "swiss"]
[EventRounds "9"]
[EventCountry "USA"]
[SourceTitle "EXT 1997"]
[Source "ChessBase"]
[SourceDate "1996.11.15"]
[SourceVersion "1"]
[SourceVersionDate "1996.11.15"]
[SourceQuality "1"]

1. e4 e6 2. d4 d5 3. Nc3 Bb4 4. Bd3 dxe4 5. Bxe4 Nf6 6. Bf3 c5 7. a3 Ba5 8. Be3 Nd5 9. Bxd5 Qxd5 10. Qg4 0-0 11. dxc5 Bxc3+ 12. bxc3 e5 13. Rd1 Bxg4 14. Rxd5 Nc6 15. Nf3 Rfd8 16. Rd2 f5 17. h3 Bxf3 18. gxf3 f4 19. Rxd8+ Rxd8 20. Bc1 Rd5 21. Ke2 Na5 22. Rd1 Rxd1 23. Kxd1 Kf7 24. Ke2 Ke6 25. c4 Nxc4 26. Bd2 Nxa3 27. Kd3 Kd5 28. c6 bxc6 29. Bb4 Nc4 30. Bf8 g6 31. Kc3 c5 32. Be7 a5 0-1